000 00408nam a2200157Ia 4500
008 220204s9999 xx 000 0 und d
082 _aNR:633.912.11
_bBRO
100 _aBrowne, Edith A
245 0 _aPeep at industries rubber
260 _aLondon
_bAdam and Charles Black
_c1912
650 _aCeara rubber
650 _aFicus elastica
650 _aRubber history
650 _aWild rubber
942 _cBK
999 _c20154
_d20154